书目信息 |
| 题名: |
国际刑法国内化研究
|
|
| 作者: | 冯殿美 , 侯艳芳 , 王芳 著 | |
| 分册: | ||
| 出版信息: | 济南 山东大学出版社 2014 |
|
| 页数: | 307页 | |
| 开本: | 21cm | |
| 丛书名: | ||
| 单 册: | ||
| 中图分类: | D997.9 | |
| 科图分类: | ||
| 主题词: | 国际刑法--guo ji xing fa--研究 | |
| 电子资源: | ||
| ISBN: | 978-7-5607-5015-6 | |
| 000 | 01022nam0 22002771 450 | |
| 001 | 0116132818 | |
| 005 | 20161219095906.93 | |
| 010 | @a978-7-5607-5015-6@dCNY28.00 | |
| 100 | @a20140710d2014 emky0chiy50 ea | |
| 101 | 0 | @achi |
| 102 | @aCN@b370000 | |
| 105 | @ay z 000yy | |
| 106 | @ar | |
| 200 | 1 | @a国际刑法国内化研究@9guo ji xing fa guo nei hua yan jiu@f冯殿美...[等]著 |
| 210 | @a济南@c山东大学出版社@d2014 | |
| 215 | @a307页@d21cm | |
| 300 | @a教育部人文社会科学研究项目 | |
| 304 | @a著者还有:侯艳芳、王芳、朱海波 | |
| 330 | @a本书分为国际刑法的基本理论;国际刑法国内化的原则、理念和模式;国际刑法国内化的实体侧面;国际刑法国内化的程序侧面4个部分,介绍了国际刑法与国际犯罪、国际犯罪的刑事责任与国际刑事司法协助、国际刑法国内化的原则等内容。 | |
| 606 | 0 | @a国际刑法@9guo ji xing fa@x研究 |
| 690 | @aD997.9@v5 | |
| 701 | 0 | @a冯殿美@9feng dian mei@4著 |
| 701 | 0 | @a侯艳芳@9hou yan fang@4著 |
| 701 | 0 | @a王芳@9wang fang@4著 |
| 801 | 0 | @aCN@bTANGWEI@c20161128 |
| 905 | @b0950325-9@dD997.9@e166@f5 | |
| 国际刑法国内化研究/冯殿美...[等]著.-济南:山东大学出版社,2014 |
| 307页;21cm |
| 教育部人文社会科学研究项目 |
| ISBN 978-7-5607-5015-6:CNY28.00 |
| 本书分为国际刑法的基本理论;国际刑法国内化的原则、理念和模式;国际刑法国内化的实体侧面;国际刑法国内化的程序侧面4个部分,介绍了国际刑法与国际犯罪、国际犯罪的刑事责任与国际刑事司法协助、国际刑法国内化的原则等内容。 |
| ● |
| 相关链接 |
|
|
|
|
正题名:国际刑法国内化研究
索取号:D997.9/166
 
预约/预借
| 序号 | 登录号 | 条形码 | 馆藏地/架位号 | 状态 | 备注 |
| 1 | 0950325 | 209503250 | 第一样本阅览室/ [索取号:D997.9/166] | 在馆 | |
| 2 | 0950326 | 209503269 | 第一借阅区/ [索取号:D997.9/166] | 在馆 | |
| 3 | 0950327 | 209503278 | 第一借阅区/ [索取号:D997.9/166] | 在馆 | |
| 4 | 0950328 | 209503287 | 第一借阅区/ [索取号:D997.9/166] | 在馆 | |
| 5 | 0950329 | 209503296 | 第一借阅区/ [索取号:D997.9/166] | 在馆 |